Представление документа в формате MARC21

ПолеНазваниеЗначение
  Тип записи a
  Библиографический уровень m
001 Контрольный номер RU/URAIT/582671
005 Дата корректировки 20260429163649.5
008 Кодируемые данные 260429s2026 RU y f j 000 0 rus u
020 Индекс ISBN __
a ISBN 978-5-534-18206-4
c Цена, тираж 2239.00
040 Источник каталогиз. __
a Служба первич. каталог. ИКО Юрайт
c Служба, преобразующая запись ИКО Юрайт
e Правила каталог. RCR
041 Код языка издания __
a Код языка текста rus
044 Код страны публикации __
a Код страны публикации RU
080 Индекс УДК __
a Индекс УДК 338(075.8)
084 Индекс другой классификации/Индекс ББК __
2 Источник индекса rubbk
a Индекс другой классификации/Индекс ББК 65.290-2я73
100 Автор __
a Автор Бусов В. И.
q Полное имя Бусов Владимир Иванович
245 Заглавие __
a Заглавие Управление недвижимостью: теория и практика
b Продолж. заглавия учебник для вузов
c Ответственность В. И. Бусов, А. А. Поляков.
250 Сведения об издании __
g пер. и доп
a Основные сведения об издании 2-е изд.
256 Характеристики компьютерного файла __
a Характеристики компьютерного файла Электрон. дан.
260 Выходные данные __
a Место издания Москва
b Издательство Юрайт
c Дата издания 2026
300 Физическое описание __
a Объем 434 с
440 Серия __
a Серия Высшее образование
500 Примечания __
a Примечание URL: https://urait.ru/bcode/582671 (дата обращения: 29.04.2026).
520 Аннотация __
a Аннотация В курсе раскрываются сущность, роль и место недвижимого имущества в деятельности организаций. Дается классификация недвижимости и характеристика ее жизненного цикла. Значительное место отведено рассмотрению методов и форм организации и управления недвижимым имуществом, их правовому обеспечению. Недвижимость рассматривается в едином хозяйственном комплексе с позиций обеспечения его основных целей. В качестве основного элемента недвижимости изучается земельный участок, с которым связаны другие элементы имущественного комплекса, обеспечивающие его функциональное назначение. Значительное место в курсе отведено оценке стоимости недвижимого имущества с целью эффективного управления его использованием и рыночным оборотом. Соответствует актуальным требованиям федерального государственного образовательного стандарта высшего образования. Для студентов высших учебных заведений, обучающихся по экономическим направлениям. Может быть полезен слушателям системы профессиональной переподготовки по экономическим специальностям, а также руководителям и специалистам производственно-хозяйственных комплексов, предприятий и организаций.
538 Прим. о системных особенностях __
a Прим. о системных особенностях Режим доступа: Электронно-библиотечная система Юрайт, для авториз. пользователей
653 Ключевые слова __
a Ключевые слова Менеджмент в отдельных отраслях
653 Ключевые слова __
a Ключевые слова Менеджмент
653 Ключевые слова __
a Ключевые слова Основы управления недвижимостью
653 Ключевые слова __
a Ключевые слова Управление недвижимостью
653 Ключевые слова __
a Ключевые слова Экономика недвижимости
653 Ключевые слова __
a Ключевые слова Девелопмент
653 Ключевые слова __
a Ключевые слова Менеджмент недвижимости
653 Ключевые слова __
a Ключевые слова Девелопмент недвижимости
653 Ключевые слова __
a Ключевые слова Основы экономики недвижимости
653 Ключевые слова __
a Ключевые слова Основы управление недвижимостью
700 Другие авторы __
a Другие авторы Поляков А. А.
q Полное имя Поляков Александр Анатольевич
856 Электронный адрес документа 40
n Местонахождение сервера Юрайт
g Электронная книга
q Тип электронного формата html
h Имя пользователя ЮРАЙТ
v Часы доступа к ресурсу 20271231
2 Способ доступа Показать документ
x Служебное примечание https://urait.ru/book/cover/A172FB99-AB8D-4B3D-AFC6-C854BA00038C
u URL https://urait.ru/bcode/582671
856 Электронный адрес документа 48
q Тип электронного формата cover
u URL https://urait.ru/book/cover/A172FB99-AB8D-4B3D-AFC6-C854BA00038C
911 __
u 0030=https://urait.ru/bcode/582671
911 __
u 073a=9785534182064
u 073d=2239.00
911 __
u 106a=s
911 __
u 900l=
952 Тип литературы __
i Дисциплина Основы управления недвижимостью
952 Тип литературы __
i Дисциплина Управление недвижимостью
952 Тип литературы __
i Дисциплина Экономика недвижимости
952 Тип литературы __
i Дисциплина Девелопмент
952 Тип литературы __
i Дисциплина Менеджмент недвижимости
952 Тип литературы __
i Дисциплина Девелопмент недвижимости
952 Тип литературы __
i Дисциплина Основы экономики недвижимости
952 Тип литературы __
i Дисциплина Основы управление недвижимостью